| 000 | 00594nam a22002057a 4500 | ||
|---|---|---|---|
| 003 | CEu | ||
| 005 | 20140311163000.0 | ||
| 008 | 130212t xxu||||| |||| 00| 0 eng d | ||
| 020 | _a9718170022 | ||
| 050 |
_aF 070.43 _bSo7p 1999 |
||
| 082 |
_aF 070.43 _bSo7p 1999 |
||
| 245 |
_aA primer on news organization and techniques _b(with exercises) _cRobert F. Soriano, Ronald M. Henson |
||
| 260 |
_a[S.l.] _bBooklore Pub. _cc1999 |
||
| 300 |
_a103 p. _c22.1 cm. |
||
| 521 | _acollege students | ||
| 526 | _c1210L-1700L | ||
| 541 | _j1,2 | ||
| 562 | _e2 | ||
| 942 |
_2lcc _cBK _kMC-FIL |
||
| 999 |
_c39173 _d39173 |
||